Taylor Swift One Word Songs - Statistics

General Stats
  • This quiz has been taken 166 times
    63 since last reset
  • The average score is 40 of 67
Answer Stats
Album Answer % Correct
Lover Lover
96%
Red (Taylor's Version) Red
96%
Fearless (Taylor's Version) Fearless
91%
evermore evermore (feat. Bon Iver)
87%
The Life of a Showgirl Opalite
87%
The Life of a Showgirl Honey
78%
Lover ME! (feat. Brendon Urie)
78%
The Life of a Showgirl Wood
78%
Red (Taylor's Version) 22
74%
folklore august
74%
The Life of a Showgirl CANCELLED!
74%
folklore cardigan
74%
Lover Daylight
74%
evermore ivy
74%
folklore betty
70%
Reputation (Taylor's Version) Gorgeous
70%
Speak Now (Taylor's Version) Innocent
70%
Midnights Maroon
70%
Speak Now (Taylor's Version) Mean
70%
Speak Now (Taylor's Version) Mine
70%
1989 (Taylor's Version) Style
70%
evermore willow
70%
Reputation (Taylor's Version) Dress
65%
folklore exile (feat. Bon Iver)
65%
Fearless (Taylor's Version) Fifteen
65%
Midnights Karma
65%
evermore marjorie
65%
The Tortured Poets Department Peter
65%
The Tortured Poets Department Cassandra
61%
The Tortured Poets Department Fortnight (feat. Post Malone)
61%
folklore mirrorball
61%
Midnights Paris
61%
Red (Taylor's Version) Treacherous
61%
Lover Afterglow
57%
Midnights Bejeweled
57%
1989 (Taylor's Version) Clean
57%
Speak Now (Taylor's Version) Enchanted
57%
Midnights Glitch
57%
Speak Now (Taylor's Version) Haunted
57%
Taylor Swift Invisible
57%
Speak Now (Taylor's Version) Ours
57%
folklore peace
57%
Red (Taylor's Version) Ronan
57%
1989 (Taylor's Version) "Slut!" (From The Vault)
57%
Red (Taylor's Version) Starlight
57%
Red (Taylor's Version) Babe (From The Vault)
52%
evermore closure
52%
evermore dorothea
52%
folklore epiphany
52%
folklore hoax
52%
Midnights Mastermind
52%
Midnights Question...?
52%
The Tortured Poets Department Robin
52%
folklore seven
52%
Speak Now (Taylor's Version) Superman
52%
The Tortured Poets Department Florida!!! (feat. Florence + The Machine)
48%
Speak Now (Taylor's Version) Timeless (From The Vault)
48%
Fearless (Taylor's Version) Change
43%
evermore happiness
43%
1989 (Taylor's Version) Wonderland
39%
Fearless (Taylor's Version) Breathe (feat. Colbie Caillat)
35%
The Tortured Poets Department loml
35%
Fearless (Taylor's Version) Superstar
30%
N/A Carolina
26%
Fearless (Taylor's Version) Untouchable
22%
N/A Gasoline (with HAIM)
13%
N/A Renegade (with Big Machine)
13%
No matching quizzes found
Score Distribution
Percent of People with Each Score
Percentile by Number Answered
Your Score History
You have not taken this quiz since the last reset